Escudos dos Clubes da Copa do Nordeste - Statistics

Estatísticas Gerais
  • Esse quiz foi jogado 103 vezes
    44 desde o último reset
  • A pontuação média é 25 de 28
Estatísticas das Respostas
Imagem Resposta % Correto
Bahia
100%
Ceará
100%
Fortaleza
100%
Sport
100%
Vitória
100%
ABC
98%
América - RN
98%
Botafogo - PB
98%
Náutico
98%
Santa Cruz
98%
Confiança
95%
CRB
95%
CSA
95%
Sampaio Corrêa
95%
Ferroviário
93%
Retrô
93%
Moto Club
90%
Sousa
90%
Treze
90%
Fluminense - PI
85%
Altos
83%
ASA
83%
Sergipe
83%
Juazeirense
73%
Maracanã - CE
73%
Maranhão
73%
Santa Cruz - RN
65%
Barcelona - BA
53%
Nenhum quiz correspondente encontrado
Distribuição das Pontuações
Porcentagem de Pessoas com Cada Pontuação
Percentil de Números Respondidos
Sua Pontuação Histórica
Você não jogou esse quiz desde o último reset